| 000 | 00714nam a22002417a 4500 | ||
|---|---|---|---|
| 003 | BUBTL | ||
| 008 | 231116b ||||| |||| 00| 0 eng d | ||
| 020 | _a8176499153 | ||
| 041 | _aeng | ||
| 082 | _a428/ W964g/ 2004 | ||
| 100 |
_95578 _aWurst, Sharman |
||
| 245 |
_aGrammar & Punctuation 1/ _cSharman Wurst, Doug Wurst |
||
| 250 | _a1st ed. | ||
| 260 |
_aNew Delhi : _bViva Education, _cc2004 |
||
| 300 |
_a108 p. : _bills. ; _c20 cm. |
||
| 505 | _aGrammar & Punctuation, Sharman Wurst, English Language, Doug Wurst | ||
| 526 | _aEnglish Language | ||
| 650 | 0 |
_9194 _aEnglish Language |
|
| 700 |
_a Wurst, Doug _95642 |
||
| 856 |
_k0 _l0 _yDownload |
||
| 942 |
_2ddc _cBK |
||
| 999 |
_c7142 _d7142 |
||